Obálka Náhled e-knihy:
PDF Epub
Pro půjčování e-knih musíte být přihlášeni.
Jak si půjčit online?

Mrcha /

Sem tam trochu erotiky, sem tam trochu humoru a samozřejmě i jistá dávka žhavého sexu, přesně tak, jak jsme již od autorky Jany Javorské zvyklí. Toto jsou příběhy, ve kterých je vždy hlavní hrdinkou žena, ale ne ledajaká. Ať už ji nazveme dračicí, šelmou či femme fatale, pokaždé se v ní skrývá ta sp...

Celý popis

Uloženo v:
Hlavní autor: Javorská, Jana (Autor)
Médium: E-kniha
Jazyk:Czech
Vydáno: Praha : E-knihy jedou, 2017
Tagy:
Žádné tagy
LEADER 01463nam a22002297i 4500
001 310811
007 ta
008 260601s2017 xr ||||| |||| 00| 0 cze d
020 |a 9990001742461 
044 |a xr 
100 1 |a  Javorská, Jana  |4 aut 
245 1 0 |a Mrcha /  |c  Javorská, Jana 
264 1 |a Praha :  |b E-knihy jedou,  |c 2017 
300 |a 1 online zdroj (64 stran) 
336 |a text  |b txt  |2 rdacontent 
337 |a bez média  |b n  |2 rdamedia 
338 |a online zdroj  |b cr  |2 rdacarrier 
520 2 |a Sem tam trochu erotiky, sem tam trochu humoru a samozřejmě i jistá dávka žhavého sexu, přesně tak, jak jsme již od autorky Jany Javorské zvyklí. Toto jsou příběhy, ve kterých je vždy hlavní hrdinkou žena, ale ne ledajaká. Ať už ji nazveme dračicí, šelmou či femme fatale, pokaždé se v ní skrývá ta správná mrcha, která dovede z každé situace vytěžit něco ve svůj vlastní prospěch. A to, že většinou je prostředkem k dosažení jejích cílů sex, určitě není nutné dodávat.   
910 |a RBIT002 
998 |d 174246  |a https://core.palmknihy.cz/api/books/174246/cover?ji4pa5  |b https://core.palmknihy.cz/api/books/174246/cover/400?a4ags3  |c https://core.palmknihy.cz/api/books/174246/cover/50?rwuql6  |e   |g 64  |i 9990001742461  |j https://core.palmknihy.cz/api/books/174246/preview.epub  |k https://core.palmknihy.cz/api/books/174246/preview.pdf  |l   |q 49  |r 1  |s https://www.palmknihy.cz/kniha/174246  |t ebook  |y 2017  |z 1 
999 |d 310809